000 00334nam a2200133Ia 4500
008 190723s9999 xx 000 0 und d
020 _a978-1-78017-180-7
100 _aFrank Bott
245 0 _aProfessional Issues in Information Technology
250 _a2rd
260 _aUK
_bBCS Chartered
_c2014
300 _a189:p
942 _cBK
999 _c1500
_d1500